00958nam a22002537a 45000010005000000030006000050050017000110080041000280200018000690400029000870500015001160820011001311000029001422450049001712500055002202600038002753000044003135050008003575200241003655210020006065210020006266500021006467000037006675117FISKH20241106162222.0241106b cb ||||| |||| 00| 0 eng d a9780439221887 aFISKHbengcFISKHdFISKH aPZ7.C94137 a813.54 aCurtis, Christopher Paul aBud, Not Buddy /cby Christopher Paul Curtis aFirst Scholastic paperback printing , January 2002 aNew York :bScholastic ;c1999.  a245 pages : billsutrations ;c20 cm .  aZ  aTen-year-old Bud, a motherless boy living in Flint, Michigan, during the Great Depression, escapes a bad foster home and sets out in search of the man he believes to be his father--the renowned bandleader, H.E. Calloway of Grand Rapids.8 a950 bLexile 8 aZ bRaz-Plus  aorphansvfiction aWatts, Trish P. eBook designer